Statistiques concernant Pays des CIVETS

Cliquez ici pour prendre le quiz!

Statistiques générales

  • Ce quiz a été pris 269 fois
  • Le résultat moyen est 3 sur 6

Statistiques - réponses

Pays% Correct
Indonésie
71%
Vietnam
68%
Turquie
52%
Colombie
49%
Egypte
48%
Afrique du Sud
36%

Distribution des résultats

Percentile par nombre de réponses

% des personnes avec chaque résultat

Votre développement - résultats

Vous n’avez pas pris ce quiz